Statistics for Creative Ways To Kill James Bond #1

Click here to take the quiz!

General Stats

  • This quiz has been taken 827 times
    (462 since last reset)
  • The average score is 8 of 10

Answer Stats

QuestionAnswer% Correct
Tie him to a solid gold table and cut him in half with a laserGoldfinger
92%
Leave him on a small island in a lake, surrounded by hungry alligatorsLive and Let Die
86%
Drop a serrated yo-yo on him from the balcony above while he sleepsOctopussy
85%
Leave a non-venomous tarantula in his bedDr. No
82%
Use a robot arm to drill into his head with no adverse effects whatsoeverSpectre
80%
Lock him in a meeting room that you've randomly built underneath your rocketMoonraker
79%
Tie him to a rope and haul him through shark-infested coral reefsFor Your Eyes Only
74%
Disguise as room service and deliver him a cake with a bomb in itDiamonds are Forever
70%
Tie him up in a helicopter with its missiles set to launch at itselfGoldeneye
66%
Adjust his health spa spinal traction machine to a speed with no medical useThunderball
66%

Score Distribution

Percentile by Number Answered

Percent of People with Each Score

Your Score History

You have not taken this quiz since the last reset